| 000 | 00835nam a2200253 a 4500 | ||
|---|---|---|---|
| 001 | BRCA_6639 | ||
| 005 | 20190320205534.0 | ||
| 008 | 101011s1921----enkab#####---#000-0#eng-# | ||
| 041 | _aeng | ||
| 044 | _aenk | ||
| 050 | 4 |
_aDT55 _b.B83 1921 |
|
| 100 | 1 |
_aBudge, E. A. Wallis _d1857-1934 _eSir _q(Ernest Alfred Wallis) _916620 |
|
| 245 | 1 | 0 |
_aCook´s handbook for Egypt and the Egyptian Sudan with chapters on Egyptian archaeology _cSir E. A. Wallis Budge. |
| 250 | _a4a ed. | ||
| 260 |
_aLondres _bCook & Son _c1921 |
||
| 300 |
_a955 p. _bil., 9 mapas, 182 láminas _c17 cm. |
||
| 500 | _aIncluye un suplemento de 28 p. publicado en 1925 | ||
| 500 | _aIncluye índice alfabético | ||
| 500 | _aL146 | ||
| 651 | 4 |
_aEgipto _xDescripción y viajes _910518 |
|
| 651 | 4 |
_aEgipto _xAntiguedades _916621 |
|
| 902 | _aGFM | ||
| 942 |
_2lcc _cB |
||
| 999 |
_c6323 _d6323 |
||